=LDR 00000nam 2200000 4500 =001 INLIS000000000005556 =005 20130612093809 =008 ***********************************Ind** =035 ##$$0010-061300000005556 =041 ##$$a Ind =082 ##$$a 131 =090 ##$$a 131, Bas b =100 ##$$a Bosmans, Phil =245 ##$$a Bunga-bunga kebahagiaan tanamlah sendiri, Phil Bosmans =260 ##$$a 2000 $b Yogyakarta =300 ##$$a 66 hlm., ilus., 21 cm =650 ##$$a Kebahagiaan